Ascent to orbit : a scientific autobiography (Record no. 8901)

MARC details
000 -LEADER
fixed length control field 00596nam a2200193Ia 4500
003 - CONTROL NUMBER IDENTIFIER
control field IN-BaIIA
008 - FIXED-LENGTH DATA ELEMENTS--GENERAL INFORMATION
fixed length control field 211028s9999 xx 000 0 eng d
020 ## - INTERNATIONAL STANDARD BOOK NUMBER
International Standard Book Number 0-471-87910-X
040 ## - CATALOGING SOURCE
Transcribing agency IIA Library
080 ## - UNIVERSAL DECIMAL CLASSIFICATION NUMBER
Universal Decimal Classification number 92:5
Item number CLA
100 ## - MAIN ENTRY--PERSONAL NAME
Personal name Clarke, Arthur C
9 (RLIN) 6509
245 #0 - TITLE STATEMENT
Title Ascent to orbit : a scientific autobiography
Statement of responsibility, etc. Arthur C Clarke
260 ## - PUBLICATION, DISTRIBUTION, ETC.
Place of publication, distribution, etc. New York,
Name of publisher, distributor, etc. Wiley
Date of publication, distribution, etc. 1984
300 ## - PHYSICAL DESCRIPTION
Extent viii, 226p.
650 ## - SUBJECT ADDED ENTRY--TOPICAL TERM
Topical term or geographic name entry element Arthur C Clarke Autobiography
9 (RLIN) 14960
650 ## - SUBJECT ADDED ENTRY--TOPICAL TERM
Topical term or geographic name entry element Autobiography-Arthur C Clarke
9 (RLIN) 14961
650 ## - SUBJECT ADDED ENTRY--TOPICAL TERM
Topical term or geographic name entry element NASA Thesaurus
942 ## - ADDED ENTRY ELEMENTS (KOHA)
Koha item type Books
Holdings
Withdrawn status Lost status Damaged status Not for loan Home library Current library Shelving location Date acquired Total Checkouts Full call number Barcode Date last seen Price effective from Koha item type
        IIA Library-Bangalore IIA Library-Bangalore General Stacks 04/11/1986   92:5/ CLA 9786 05/11/2021 04/11/1986 Books

Powered by Koha